000 02351cam a22005054i 4500
003 PE-LiUPU
005 20250731180131.0
008 150625s r 000 0 d
035 _a(Sirsi) a36441
040 _aPE-LiUPU
_bspa
_cPE-LiUPU
_erda
082 0 4 _a578.4
_bC29
_221
245 0 3 _aLa microscopía electrónica en el Perú.
_n1996 /
_cEstela Castillo de Maruenda [et..al].
264 1 _aLima :
_bCONCYTEC,
_c1996.
300 _a200 páginas :
_bilustraciones, diágramas, fotos ;
_c21 cm.
336 _atext
_2rdacontent
337 _aunmediated
_2rdamedia
338 _avolume
_2rdacarrier
490 0 _aCiencias ;
_v012
504 _aIncluye referencias bibliográficas.
505 0 _aPONENCIAS: El microscopio electrónico de transmisión. -La microscopía en el Perú. -Aplicación de la microscopía electrónica en la virología vegetal. -Interacciones entre el epitelio epididimario y los espermatozoides en macho cabrío. -La estructura superficial de la metacercaria de Paragonimus peruvianus, vista al microsopio electrónico. -CONFERENCIAS: Electrónic microscopic studies on bacteria and viruses and bastonellosis in Ecuador. -Ovogénesis y espermatogénesis de Thais chocolata estudio al microscopio electrónico. -Identificación de virus en papa. -La microsopía electrónica en la biología. -El microscopio electrónico en la investigación criminalística. -TESIS, CURSOS, PUBLICACIONES Y ANEXOS.
526 _aSEG44
526 _aSEG26
526 _aP159
526 _aP155
526 _aP154
526 _aP153
526 _aP150
526 _aP100
526 _aP31
526 _aP30
526 _aP26
526 _aP25
526 _aP24
526 _aP22
526 _aP15
526 _aP10
650 0 4 _aMicroscopios electrónicos
_zPerú.
700 1 _aCastillo de Maruenda, Estela,
_eeditor.
910 _bjv
_csm
_d20050825
942 _2ddc
_cBOOK
949 _a578.4 C29 1996
_wDEWEY
_c1
_i55654
_lCCODEBUL1
_mBUL
_p9.00
_r0
_sY
_tBOOK
_u2015-06-25
_xBIBLIOTECA
_zUNKNOWN
_0COMPRA
_o.STAFF. Colección General
596 _a1
999 _a578.4 C29 1996
_wDEWEY
_c44514
_i55654
_d44514
_e2018-6-6
_f2021-11-5
_g6
_lCCODEBUL1
_mBUL
_n3
_p9.00
_q1
_r0
_sN
_tBOOK
_u2015-6-25
_xBIBLIOTECA
_zUNKNOWN
_0COMPRA
_o.STAFF. Colección General
980 _81
_gALBERTO SANCHEZ Responsable de Automatización